Vowel less Pop Groups - Statistics

General Stats
  • This quiz has been taken 34 times
  • The average score is 10 of 15
Answer Stats
Hint Answer % Correct
RLLNGSTNS Rolling Stones
100%
RDHTCHLPPPRS Red Hot Chili Peppers
96%
BTLS Beatles
92%
FLTWDMC Fleetwood Mac
92%
BCHBYS Beach Boys
83%
RSMTH Aerosmith
75%
DRNDRN Duran Duran
75%
SWT Sweet
71%
TKTHT Take That
63%
SPRMS Supremes
58%
GRLSLD Girls Aloud
50%
BCKSFZZ Bucks Fizz
46%
MD Mud
42%
SS Oasis
42%
SGBBS Sugababes
33%
No matching quizzes found
Score Distribution
Percent of People with Each Score
Percentile by Number Answered
Your Score History
You have not taken this quiz